000 00345nam a22001457a 4500
003 OSt
005 20251117131753.0
008 251117b |||||||| |||| 00| 0 eng d
020 _a0789414104
040 _cDK PUBLISHING
050 _aE 178 .M87 1996
245 _aAMERICAN PEOPLE
260 _aNEW YORK
_bDK PUBLISHING
_c1996
942 _2ddc
_cBK
_n0
999 _c9821
_d9821